[Event "Muensterland Verbandsklasse 1314"]
[Site "Germany"]
[Date "2014.01.11"]
[Round "5.5"]
[White "Kelecic, Dominik"]
[Black "Diepenbrock, Till"]
[Result "0-1"]
[WhiteElo "1711"]
[BlackElo "1749"]
[PlyCount "76"]
[EventDate "2013.09.21"]
[EventType "team-tourn"]
[EventRounds "9"]
[EventCountry "GER"]
[SourceTitle "EXT 2015"]
[Source "ChessBase"]
[SourceDate "2014.11.20"]
[SourceVersion "1"]
[SourceVersionDate "2014.11.20"]
[SourceQuality "1"]
[WhiteTeam "Suedlohn II"]
[BlackTeam "Nordwalde"]
[WhiteTeamCountry "GER"]
[BlackTeamCountry "GER"]

1. e4 e5 2. Nf3 Nc6 3. d4 exd4 4. Nxd4 Qf6 5. Be3 Bc5 6. c3 Nge7 7. Bc4 0-0 8. 0-0 Ne5 9. Bb3 d6 10. Qe2 Ng4 11. Nd2 Nxe3 12. fxe3 Qg6 13. Rf4 Be6 14. Bc2 f5 15. exf5 Bxf5 16. Bb3+ d5 17. N2f3 Bg4 18. Rf1 Bd6 19. Rxf8+ Rxf8 20. Bc2 Qh6 21. Qd2 c5 22. Nb5 Bb8 23. Bb3 Bxf3 24. gxf3 Rf6 25. Bc2 Qg5+ 26. Kh1 Bxh2 27. Qg2 Bg3 28. f4 Rh6+ 29. Kg1 Qg4 30. Bd1 Qe6 31. Rf3 Nf5 32. Nc7 Qf7 33. Nb5 Rh2 34. Qf1 Rh1+ 35. Kxh1 Qh5+ 36. Qh3 Qxh3+ 37. Kg1 Qh2+ 38. Kf1 Nxe3+ 0-1

[Event "Muensterland Verbandsklasse-B 1213"]
[Site "Germany"]
[Date "2012.11.17"]
[Round "3.3"]
[White "Kelecic, Dominik"]
[Black "Hanewinkel, Martin"]
[Result "1/2-1/2"]
[WhiteElo "1712"]
[BlackElo "1862"]
[PlyCount "48"]
[EventDate "2012.09.15"]
[EventType "team-tourn"]
[EventRounds "9"]
[EventCountry "GER"]
[SourceTitle "EXT 2015"]
[Source "ChessBase"]
[SourceDate "2014.11.20"]
[SourceVersion "1"]
[SourceVersionDate "2014.11.20"]
[SourceQuality "1"]
[WhiteTeam "Suedlohn II"]
[BlackTeam "Beelen"]
[WhiteTeamCountry "GER"]
[BlackTeamCountry "GER"]

1. e4 c5 2. Nf3 e6 3. d4 cxd4 4. Nxd4 a6 5. Nc3 Qc7 6. Be3 Nf6 7. f3 Bb4 8. Bd2 b5 9. Bd3 Bc5 10. Nb3 Ba7 11. Qe2 Nc6 12. Be3 b4 13. Nd1 d5 14. exd5 Nxd5 15. Bxa7 Qxa7 16. Be4 Nce7 17. Qf2 Bd7 18. Qd4 0-0 19. c4 bxc3 20. Nxc3 Qxd4 21. Nxd4 Rac8 22. Nxd5 Nxd5 23. 0-0 Rc7 24. Rfc1 Rfc8 1/2-1/2

[Event "Muensterland Verbandsklasse-B 1213"]
[Site "Germany"]
[Date "2012.10.20"]
[Round "2.4"]
[White "Kelecic, Dominik"]
[Black "Busswolder, Peter"]
[Result "1/2-1/2"]
[WhiteElo "1712"]
[BlackElo "1679"]
[PlyCount "146"]
[EventDate "2012.09.15"]
[EventType "team-tourn"]
[EventRounds "9"]
[EventCountry "GER"]
[SourceTitle "EXT 2015"]
[Source "ChessBase"]
[SourceDate "2014.11.20"]
[SourceVersion "1"]
[SourceVersionDate "2014.11.20"]
[SourceQuality "1"]
[WhiteTeam "Suedlohn II"]
[BlackTeam "Stadtlohn"]
[WhiteTeamCountry "GER"]
[BlackTeamCountry "GER"]

1. e4 c5 2. Nf3 d6 3. d4 cxd4 4. Nxd4 Nf6 5. Nc3 a6 6. Be2 e6 7. Be3 Be7 8. Qd2 Nbd7 9. f3 Qc7 10. g4 Ne5 11. 0-0-0 b5 12. g5 Nfd7 13. h4 Bb7 14. h5 Nf8 15. Rdg1 g6 16. Kb1 Nc4 17. Qd3 Nxe3 18. Qxe3 e5 19. Nb3 Rc8 20. Rc1 Ne6 21. hxg6 fxg6 22. Rhg1 0-0 23. Rg3 Rf4 24. Qg1 Qd8 25. Qh2 Bxg5 26. Rh1 Rf7 27. Qg1 Bf4 28. Rg4 Rg7 29. Bd3 Qc7 30. Nd5 Bxd5 31. exd5 Nf8 32. Qf2 Nd7 33. Qh4 Qd8 34. Qh3 Nf6 35. Rg2 Qd7 36. Qxd7 Nxd7 37. Na5 Nc5 38. Be4 Rf8 39. Nc6 Ra8 40. c3 Nd7 41. Kc2 Nf6 42. Kd3 Nh5 43. b3 Bh6 44. Rg4 Bf4 45. Rh3 Nf6 46. Rg1 g5 47. Rh6 Rf8 48. Nb4 a5 49. Nc6 a4 50. bxa4 bxa4 51. Rb1 g4 52. Rxf6 Rxf6 53. fxg4 Rxg4 54. Ne7+ Kf8 55. Nf5 Rxf5 56. Bxf5 Rg3+ 57. Kc4 Bd2 58. Rb8+ Ke7 59. Rb7+ Kf6 60. Bxh7 Rxc3+ 61. Kb5 Rc5+ 62. Kxa4 Rxd5 63. Kb3 Rc5 64. Rb6 Ke7 65. a4 Kd7 66. Bf5+ Kc7 67. Ra6 Ba5 68. Bg6 Bb6 69. Ra8 d5 70. Re8 Kd6 71. Bf5 d4 72. Re6+ Kc7 73. Kb4 Ra5 1/2-1/2

[Event "Muensterland Verbandsklasse-A 1011"]
[Site "Germany"]
[Date "2011.02.19"]
[Round "7.6"]
[White "Kelecic, Dominik"]
[Black "Fehlings, Gerd"]
[Result "1-0"]
[WhiteElo "1730"]
[BlackElo "1774"]
[PlyCount "45"]
[EventDate "2010.09.18"]
[EventType "team-tourn"]
[EventRounds "9"]
[EventCountry "GER"]
[SourceTitle "EXT 2012"]
[Source "ChessBase"]
[SourceDate "2011.11.24"]
[SourceVersion "1"]
[SourceVersionDate "2011.11.24"]
[SourceQuality "1"]
[WhiteTeam "Suedlohn II"]
[BlackTeam "Emsdetten Rochade"]
[WhiteTeamCountry "GER"]
[BlackTeamCountry "GER"]

1. e4 c5 2. Nf3 Nc6 3. d4 cxd4 4. Nxd4 Nf6 5. Nc3 g6 6. Be3 Bg7 7. Be2 0-0 8. Qd2 Qa5 9. f3 Qb4 10. 0-0-0 Rd8 11. g4 Ne8 12. a3 Qa5 13. h4 Nc7 14. h5 d5 15. hxg6 fxg6 16. Nxc6 bxc6 17. Bd4 e5 18. Bf2 Ne6 19. exd5 Nd4 20. Bc4 Ba6 21. Ba2 Nxf3 22. d6+ Kh8 23. Rxh7+ 1-0

[Event "Muensterland Verbandsklasse-A 1011"]
[Site "Germany"]
[Date "2011.01.29"]
[Round "6.6"]
[White "Temmen, Norbert"]
[Black "Kelecic, Dominik"]
[Result "1-0"]
[WhiteElo "1635"]
[BlackElo "1730"]
[PlyCount "49"]
[EventDate "2010.09.18"]
[EventType "team-tourn"]
[EventRounds "9"]
[EventCountry "GER"]
[SourceTitle "EXT 2012"]
[Source "ChessBase"]
[SourceDate "2011.11.24"]
[SourceVersion "1"]
[SourceVersionDate "2011.11.24"]
[SourceQuality "1"]
[WhiteTeam "Nienberge II"]
[BlackTeam "Suedlohn II"]
[WhiteTeamCountry "GER"]
[BlackTeamCountry "GER"]

1. c4 e5 2. Nc3 Nf6 3. Nf3 Nc6 4. g3 d5 5. cxd5 Nxd5 6. d3 Bb4 7. Bd2 Be6 8. Bg2 f6 9. 0-0 Qd7 10. Re1 g5 11. a3 Be7 12. Rc1 h5 13. h4 gxh4 14. Nxh4 f5 15. Nxd5 Bxd5 16. Bxd5 Qxd5 17. Nxf5 0-0-0 18. Rxc6 Rd7 19. Rh6 Rxh6 20. Bxh6 Qe6 21. Nxe7+ Rxe7 22. Bg5 Rg7 23. Bh4 Qh3 24. Qa4 c6 25. Qe4 1-0

[Event "Muensterland Verbandsklasse-B 0910"]
[Site "Germany"]
[Date "2010.01.30"]
[Round "6.5"]
[White "Kelecic, Dominik"]
[Black "Rensmann, Jochen"]
[Result "1/2-1/2"]
[WhiteElo "1739"]
[BlackElo "1778"]
[PlyCount "53"]
[EventDate "2009.09.19"]
[EventType "team-tourn"]
[EventRounds "9"]
[EventCountry "GER"]
[SourceTitle "EXT 2011"]
[Source "ChessBase"]
[SourceDate "2010.11.26"]
[SourceVersion "1"]
[SourceVersionDate "2010.11.26"]
[SourceQuality "1"]
[WhiteTeam "Suedlohn II"]
[BlackTeam "Stadtlohn"]
[WhiteTeamCountry "GER"]
[BlackTeamCountry "GER"]

1. e4 g6 2. Nf3 Bg7 3. d4 d6 4. Nc3 Nf6 5. h3 0-0 6. Be3 Nc6 7. Qd2 e5 8. Be2 exd4 9. Nxd4 Nxd4 10. Bxd4 Re8 11. f3 a6 12. 0-0-0 b5 13. a3 Nh5 14. Bxg7 Nxg7 15. g4 Rb8 16. h4 Bb7 17. h5 g5 18. Rhf1 Ne6 19. Nd5 Bxd5 20. exd5 Nf4 21. Bd3 Re5 22. Be4 h6 23. Rfe1 Qe7 24. Qa5 Kf8 25. Qc3 Rb6 26. Kb1 Rb8 27. Ka1 1/2-1/2

[Event "Muensterland Verbandsklasse-B 0910"]
[Site "Germany"]
[Date "2009.11.21"]
[Round "3.6"]
[White "Kelecic, Dominik"]
[Black "Pohlmeier, Ulrich"]
[Result "0-1"]
[WhiteElo "1739"]
[BlackElo "1624"]
[PlyCount "84"]
[EventDate "2009.09.19"]
[EventType "team-tourn"]
[EventRounds "9"]
[EventCountry "GER"]
[SourceTitle "EXT 2011"]
[Source "ChessBase"]
[SourceDate "2010.11.26"]
[SourceVersion "1"]
[SourceVersionDate "2010.11.26"]
[SourceQuality "1"]
[WhiteTeam "Suedlohn II"]
[BlackTeam "Rheine Klein Berlin II"]
[WhiteTeamCountry "GER"]
[BlackTeamCountry "GER"]

1. e4 d6 2. d4 Nf6 3. Nc3 g6 4. Nf3 Bg7 5. Bc4 c6 6. Bb3 0-0 7. Bg5 Nbd7 8. Qd2 e5 9. 0-0 Qc7 10. Rad1 Re8 11. Rfe1 Nb6 12. Bh6 Bg4 13. Bxg7 Kxg7 14. dxe5 dxe5 15. Qe3 Qe7 16. Rd3 Rad8 17. Red1 Rxd3 18. Rxd3 c5 19. Nd5 Nbxd5 20. Bxd5 Nxd5 21. Rxd5 Bxf3 22. Qxf3 Rd8 23. c4 Rxd5 24. cxd5 b5 25. Qc3 Qd6 26. g3 a6 27. Kg2 c4 28. g4 f6 29. h3 Qc5 30. a3 Qd4 31. Kf3 Kf7 32. Qc2 Ke7 33. Qc3 Kd7 34. h4 f5 35. gxf5 Qd1+ 36. Kg3 gxf5 37. Qf3 Qg1+ 38. Kh3 Qf1+ 39. Kh2 f4 40. Qg4+ Kd6 41. Qg1 Qe2 42. Kh1 Qxe4+ 0-1

[Event "Muensterland Verbandsklasse-A 0809"]
[Site "Germany"]
[Date "2009.03.28"]
[Round "8.4"]
[White "Noering, Andreas"]
[Black "Kelecic, Dominik"]
[Result "1/2-1/2"]
[WhiteElo "1802"]
[BlackElo "1785"]
[PlyCount "23"]
[EventDate "2008.09.13"]
[EventType "tourn"]
[EventRounds "9"]
[EventCountry "GER"]
[SourceTitle "EXT 2010"]
[Source "ChessBase"]
[SourceDate "2010.11.25"]
[SourceVersion "1"]
[SourceVersionDate "2010.11.25"]
[SourceQuality "1"]
[WhiteTeam "Emsdetten Rochade"]
[BlackTeam "Suedlohn II"]
[WhiteTeamCountry "GER"]
[BlackTeamCountry "GER"]

1. e4 e5 2. Bc4 Bc5 3. Nf3 Nc6 4. c3 d6 5. d4 exd4 6. cxd4 Bb4+ 7. Nc3 Nf6 8. 0-0 0-0 9. Bg5 Bxc3 10. bxc3 h6 11. Bh4 Bg4 12. Re1 1/2-1/2

[Event "Muensterland Verbandsklasse-A 0809"]
[Site "Germany"]
[Date "2008.09.13"]
[Round "1.4"]
[White "Silies, Juergen"]
[Black "Kelecic, Dominik"]
[Result "1-0"]
[WhiteElo "1761"]
[BlackElo "1785"]
[PlyCount "85"]
[EventDate "2008.09.13"]
[EventType "tourn"]
[EventRounds "9"]
[EventCountry "GER"]
[SourceTitle "EXT 2010"]
[Source "ChessBase"]
[SourceDate "2010.11.25"]
[SourceVersion "1"]
[SourceVersionDate "2010.11.25"]
[SourceQuality "1"]
[WhiteTeam "Ibbenbueren"]
[BlackTeam "Suedlohn II"]
[WhiteTeamCountry "GER"]
[BlackTeamCountry "GER"]

1. f4 d5 2. b3 Nc6 3. Nf3 Nf6 4. e3 a6 5. Bb2 e6 6. a3 b6 7. Bd3 Bb7 8. 0-0 Be7 9. Ne5 0-0 10. Ng4 Nb8 11. f5 c5 12. fxe6 fxe6 13. Nc3 Nbd7 14. Nxf6+ Nxf6 15. Ne2 Qd6 16. Ng3 Rf7 17. Nh5 e5 18. Nxf6+ Bxf6 19. c4 d4 20. e4 a5 21. a4 Raf8 22. Qe2 Qe7 23. Bc2 Bc6 24. d3 Bg5 25. Rxf7 Be3+ 26. Qxe3 Qxf7 27. Qe2 Qg6 28. Rf1 Re8 29. Qf3 Bd7 30. Bc1 Bg4 31. Qf2 Qh5 32. h3 Be6 33. Bd1 Qg6 34. Qf3 h6 35. Qh5 Qxh5 36. Bxh5 Re7 37. Bg6 Rd7 38. Bf5 Rd6 39. Bxe6+ Rxe6 40. Bd2 Rg6 41. Rf3 Re6 42. Be1 Re7 43. Bg3 1-0

[Event "Muensterland Verbandsliga 0607"]
[Site "Germany"]
[Date "2007.05.05"]
[Round "9.8"]
[White "Molnar, Pal"]
[Black "Kelecic, Dominik"]
[Result "1-0"]
[WhiteElo "1535"]
[BlackElo "1720"]
[PlyCount "81"]
[EventDate "2006.09.16"]
[EventType "team-tourn"]
[EventRounds "9"]
[EventCountry "GER"]
[SourceTitle "EXT 2008"]
[Source "ChessBase"]
[SourceDate "2007.11.25"]
[SourceVersion "1"]
[SourceVersionDate "2007.11.25"]
[SourceQuality "1"]
[WhiteTeam "Gronau"]
[BlackTeam "Suedlohn"]
[WhiteTeamCountry "GER"]
[BlackTeamCountry "GER"]

1. e4 e5 2. Nf3 Nc6 3. d4 exd4 4. Nxd4 Bc5 5. Be3 Qf6 6. c3 Nge7 7. Qd2 0-0 8. Nb5 Bb6 9. N1a3 Qe5 10. f3 Bxe3 11. Qxe3 d5 12. Bd3 dxe4 13. Qxe4 Bf5 14. Qxe5 Nxe5 15. Bxf5 Nxf5 16. Nxc7 Rac8 17. Nd5 Rfe8 18. 0-0-0 Ng6 19. Rhe1 Nfh4 20. Rxe8+ Rxe8 21. Rd2 Re1+ 22. Kc2 h6 23. Nc4 Kf8 24. Nd6 Ne7 25. Nc7 b6 26. Ndb5 Nc6 27. Nd4 Ne5 28. b3 Rg1 29. f4 Ng4 30. g3 Ng2 31. Nc6 Ne1+ 32. Kb2 Kg8 33. Nxa7 Nf3 34. Rd8+ Kh7 35. h3 Nf2 36. Rd7 Kg8 37. Nd5 Rxg3 38. Ne7+ Kf8 39. Nac6 g6 40. f5 Nxh3 41. f6 1-0

[Event "Muensterland Verbandsklasse-B 0506"]
[Site "Germany"]
[Date "2006.01.21"]
[Round "5.8"]
[White "Mummel, Christian"]
[Black "Kelecic, Dominik"]
[Result "1-0"]
[WhiteElo "1737"]
[BlackElo "1696"]
[PlyCount "101"]
[EventDate "2005.09.03"]
[EventType "team-tourn"]
[EventRounds "9"]
[EventCountry "GER"]
[SourceTitle "EXT 2006"]
[Source "ChessBase"]
[SourceDate "2005.11.24"]
[SourceVersion "1"]
[SourceVersionDate "2005.11.24"]
[SourceQuality "1"]
[WhiteTeam "Raesfeld Erle"]
[BlackTeam "Suedlohn II"]
[WhiteTeamCountry "GER"]
[BlackTeamCountry "GER"]

1. c4 e5 2. Nc3 Nf6 3. Nf3 Nc6 4. g3 d5 5. cxd5 Nxd5 6. d3 Bb4 7. Bd2 0-0 8. a3 Bxc3 9. bxc3 Re8 10. Qc2 Qd6 11. Bg2 Nf6 12. 0-0 Bf5 13. e4 Be6 14. Bg5 Nd7 15. Rfd1 h6 16. Be3 Bg4 17. d4 exd4 18. cxd4 Nb6 19. h3 Bh5 20. e5 Qe7 21. Qb3 Rad8 22. g4 Bg6 23. Ne1 Qd7 24. Rac1 Rc8 25. f4 Kh8 26. d5 Nd8 27. f5 Bxf5 28. gxf5 Qxf5 29. Nd3 Kg8 30. Qb5 c6 31. dxc6 Nxc6 32. Bxb6 axb6 33. Qxb6 Re7 34. Kh2 Rec7 35. Bxc6 bxc6 36. Qf2 Qe4 37. Qg2 Qa4 38. Rg1 g6 39. e6 g5 40. exf7+ Rxf7 41. Ne5 Rf6 42. Qg4 Qa8 43. Qc4+ Kg7 44. Ng4 Qb8+ 45. Kh1 Rg6 46. Qd4+ Kg8 47. Nf6+ Kf7 48. Rgf1 Qb7 49. Rce1 c5+ 50. Qd5+ Qxd5+ 51. Nxd5+ 1-0

[Event "Muensterland Verbandsklasse-B 0506"]
[Site "Germany"]
[Date "2005.11.05"]
[Round "2.8"]
[White "Kelecic, Dominik"]
[Black "Zachert, Axel"]
[Result "1/2-1/2"]
[WhiteElo "1696"]
[BlackElo "1616"]
[PlyCount "30"]
[EventDate "2005.09.03"]
[EventType "team-tourn"]
[EventRounds "9"]
[EventCountry "GER"]
[SourceTitle "EXT 2006"]
[Source "ChessBase"]
[SourceDate "2005.11.24"]
[SourceVersion "1"]
[SourceVersionDate "2005.11.24"]
[SourceQuality "1"]
[WhiteTeam "Suedlohn II"]
[BlackTeam "Westerkappeln"]
[WhiteTeamCountry "GER"]
[BlackTeamCountry "GER"]

1. e4 d5 2. exd5 Qxd5 3. Nc3 Qa5 4. Bc4 Nf6 5. h3 c6 6. Nf3 Nbd7 7. d3 e6 8. Bd2 Qc7 9. Qe2 Nb6 10. Bb3 Be7 11. 0-0 0-0 12. Rfe1 Bd7 13. a3 Rae8 14. Be3 Nbd5 15. Ne4 b6 1/2-1/2